000
00255nam a2200097Ia 4500
001
1250814
005
20251031150903.0
008
251031s9999 xx 000 0 und d
245
0
_c
HALUK TATAR
_a
H-5 ZAFER SIZLANARAK KAZANILMAZ
260
_b
DESTEK YAYINLARI
999
_c
1250814
_d
1250814